00981nam a2200229 i 4500001000700000003000900007005001700016007000300033008004100036100003100077245016900108260003500277300003000312490006400342650004600406700003100452700003600483830007200519852002100591999001900612952012000631141107ES-MaACL20250903022111.0t|070919s1947 sp ||||1| spa d1 aYule, George Udny.911773910aIntroducción a la estadística matemática / cGeorge Udny Yule, Maurice George Kendall ; traducción de la 13ª ed. inglesa y prólogo por José Ros Jimeno. aMadrid : bM. Aguilar, c1947. a684 p. : bil. ; c22 cm.1 aBiblioteca de ciencias económicas, políticas y sociales 7aEstadística matemática2embne91434691 aRos Jimeno, José.9995901 aKendall, Maurice George.9678241 aBiblioteca de ciencias económicas, políticas y sociales9182661 aES-MaACLjA-2665 c141107d141107 00104070aATENEOMbATENEOMcSPP1d2008-01-17eSCl0oA-2665p1146828r2023-02-23 00:00:00w2023-02-23yMONOGRAFIA